[Event "Iasi op 3rd"]
[Site "Iasi"]
[Date "2016.06.13"]
[Round "1"]
[White "Georgescu, Tiberiu Marian"]
[Black "Tiron, Lucian Ilie"]
[Result "1-0"]
[WhiteElo "2460"]
[BlackElo "1992"]
[PlyCount "75"]
[EventDate "2016.06.13"]
[EventType "swiss"]
[EventRounds "9"]
[EventCountry "ROU"]
[SourceTitle "CBM 173 Extra"]
[Source "ChessBase"]
[SourceDate "2016.08.29"]
[SourceVersion "1"]
[SourceVersionDate "2016.08.29"]
[SourceQuality "1"]

1. d4 Nf6 2. Nf3 e6 3. c4 Bb4+ 4. Nbd2 b6 5. a3 Bxd2+ 6. Qxd2 Bb7 7. g3 a5 8. b3 d5 9. Bg2 a4 10. cxd5 Bxd5 11. b4 Nbd7 12. 0-0 0-0 13. Qc2 Bb3 14. Qd3 c5 15. dxc5 bxc5 16. Bb2 cxb4 17. axb4 Qb6 18. Nd2 Bd5 19. Ne4 Qb7 20. Bxf6 gxf6 21. Nd6 Qxb4 22. Bxd5 exd5 23. Qxd5 Ra5 24. Qd3 Ne5 25. Qa3 Qd2 26. Ra2 Qd5 27. Nf5 Nc6 28. Ne3 Qe6 29. Rc1 Rb8 30. Rc4 Rb1+ 31. Kg2 Rb3 32. Qc1 Nb4 33. Rd2 Ra8 34. Rdd4 Na2 35. Qd2 Ra3 36. Rd8+ Rxd8 37. Qxd8+ Kg7 38. Rg4+ 1-0

[Event "ROM-ch U20"]
[Site "Calimanesti Caciulata"]
[Date "2016.04.22"]
[Round "5"]
[White "Tiron, Lucian Ilie"]
[Black "Mocanu, Victor Valentin"]
[Result "1/2-1/2"]
[WhiteElo "1968"]
[BlackElo "2057"]
[PlyCount "60"]
[EventDate "2016.04.18"]
[EventType "tourn"]
[EventRounds "7"]
[EventCountry "ROU"]
[SourceTitle "CBM 172 Extra"]
[Source "ChessBase"]
[SourceDate "2016.06.21"]
[SourceVersion "1"]
[SourceVersionDate "2016.06.21"]
[SourceQuality "1"]

1. d4 Nf6 2. Bg5 e6 3. Nf3 b6 4. e3 Bb7 5. Nbd2 c5 6. c3 Be7 7. Bd3 cxd4 8. cxd4 Nc6 9. a3 0-0 10. 0-0 d6 11. Rc1 a6 12. Qc2 h6 13. Bh4 Rc8 14. Qb1 b5 15. b4 Qb6 16. Nb3 Rc7 17. Bg3 Nh5 18. Rc2 Nxg3 19. hxg3 Rfc8 20. Rfc1 Nb8 21. Na5 Ba8 22. Rxc7 Rxc7 23. Rc2 Bd8 24. Qc1 Nd7 25. Kf1 Nf6 26. Nd2 Rxc2 27. Qxc2 Qc7 28. Qxc7 Bxc7 29. Nab3 Bb6 30. Be2 Kf8 1/2-1/2

[Event "ROM-ch U20"]
[Site "Calimanesti Caciulata"]
[Date "2016.04.21"]
[Round "4"]
[White "Vrencian, Lehel"]
[Black "Tiron, Lucian Ilie"]
[Result "1-0"]
[WhiteElo "2225"]
[BlackElo "1968"]
[PlyCount "43"]
[EventDate "2016.04.18"]
[EventType "tourn"]
[EventRounds "7"]
[EventCountry "ROU"]
[SourceTitle "CBM 172 Extra"]
[Source "ChessBase"]
[SourceDate "2016.06.21"]
[SourceVersion "1"]
[SourceVersionDate "2016.06.21"]
[SourceQuality "1"]

1. d4 Nf6 2. Nf3 e6 3. e3 b6 4. Bd3 Bb7 5. 0-0 c5 6. c4 Be7 7. Nc3 cxd4 8. exd4 d5 9. cxd5 Nxd5 10. Bb5+ Bc6 11. Qa4 Qd7 12. Bxc6 Nxc6 13. Nxd5 Qxd5 14. Bf4 0-0 15. Rfc1 Rac8 16. Rc3 a5 17. Rac1 b5 18. Qb3 Qe4 19. Be3 Bb4 20. Nd2 Nxd4 21. Nxe4 Nxb3 22. Rxc8 1-0

[Event "ROM-ch U20"]
[Site "Calimanesti Caciulata"]
[Date "2016.04.18"]
[Round "1"]
[White "Tiron, Lucian Ilie"]
[Black "Gheorghiu, Calin"]
[Result "0-1"]
[WhiteElo "1968"]
[BlackElo "2326"]
[PlyCount "58"]
[EventDate "2016.04.18"]
[EventType "tourn"]
[EventRounds "7"]
[EventCountry "ROU"]
[SourceTitle "CBM 172 Extra"]
[Source "ChessBase"]
[SourceDate "2016.06.21"]
[SourceVersion "1"]
[SourceVersionDate "2016.06.21"]
[SourceQuality "1"]

1. e4 c5 2. Nc3 d6 3. Bb5+ Nc6 4. Bxc6+ bxc6 5. d3 g6 6. f4 Bg7 7. Nf3 Nh6 8. 0-0 0-0 9. Qe1 f6 10. b3 Nf7 11. Bb2 e5 12. Ne2 Qb6 13. Kh1 Bd7 14. Qh4 Qd8 15. Ng3 Nh6 16. Rae1 Bg4 17. h3 Bxf3 18. Rxf3 Qa5 19. Ref1 Qxa2 20. Bc1 exf4 21. Qxf4 Qxc2 22. Qxd6 Nf7 23. Qxc6 Ne5 24. Qd5+ Kh8 25. R3f2 Qxd3 26. Qxd3 Nxd3 27. Rc2 Rab8 28. Rc3 Rfd8 29. Be3 f5 0-1

[Event "ROM-ch U18"]
[Site "Calimanesti"]
[Date "2015.04.05"]
[Round "8"]
[White "Tiron, Lucian Ilie"]
[Black "Ursan, Petru Sebastian"]
[Result "1/2-1/2"]
[WhiteElo "1964"]
[BlackElo "1836"]
[PlyCount "47"]
[EventDate "2015.03.30"]
[EventType "swiss"]
[EventRounds "9"]
[EventCountry "ROU"]
[SourceTitle "CBM 165 Extra"]
[Source "ChessBase"]
[SourceDate "2015.04.21"]
[SourceVersion "1"]
[SourceVersionDate "2015.04.21"]
[SourceQuality "1"]

1. f4 c5 2. b3 d5 3. e3 Nc6 4. Bb2 Nf6 5. Nf3 e6 6. Bb5 Bd7 7. 0-0 Bd6 8. Bxc6 Bxc6 9. Ne5 Qc7 10. d3 h5 11. Nd2 0-0-0 12. h3 Ne8 13. d4 f6 14. Nd3 cxd4 15. exd4 g5 16. Qe2 Ng7 17. fxg5 fxg5 18. Nf3 g4 19. Nfe5 Bxe5 20. Qxe5 gxh3 21. Qxc7+ Kxc7 22. Rf7+ Rd7 23. Rxd7+ Bxd7 24. gxh3 1/2-1/2

[Event "ROM-ch U18"]
[Site "Calimanesti"]
[Date "2015.04.04"]
[Round "7"]
[White "Voicu, Gabriel"]
[Black "Tiron, Lucian Ilie"]
[Result "1-0"]
[WhiteElo "1913"]
[BlackElo "1964"]
[PlyCount "61"]
[EventDate "2015.03.30"]
[EventType "swiss"]
[EventRounds "9"]
[EventCountry "ROU"]
[SourceTitle "CBM 165 Extra"]
[Source "ChessBase"]
[SourceDate "2015.04.21"]
[SourceVersion "1"]
[SourceVersionDate "2015.04.21"]
[SourceQuality "1"]

1. e4 e6 2. d4 d5 3. Nd2 Nc6 4. Ngf3 Nf6 5. e5 Nd7 6. Nb3 Be7 7. Bb5 a5 8. a4 Na7 9. Bd3 b6 10. 0-0 c5 11. c4 Bb7 12. Bf4 cxd4 13. Nfxd4 Nc5 14. Nxc5 bxc5 15. Nb5 Nxb5 16. axb5 g5 17. Be3 Qc7 18. f4 gxf4 19. Bxf4 dxc4 20. Bxc4 Rg8 21. Rf2 Rd8 22. Qh5 Rg6 23. Qxh7 Bf8 24. Be3 Rd7 25. Qh5 Bd5 26. Bxd5 Rxd5 27. Raf1 Rg7 28. b6 Qb7 29. g3 Rd7 30. Qh8 Rg6 31. Bxc5 1-0

[Event "ROM-ch U18"]
[Site "Calimanesti"]
[Date "2015.04.01"]
[Round "3"]
[White "Tiron, Lucian Ilie"]
[Black "Radulescu, Vlad Alexandru"]
[Result "1/2-1/2"]
[WhiteElo "1964"]
[BlackElo "2025"]
[PlyCount "109"]
[EventDate "2015.03.30"]
[EventType "swiss"]
[EventRounds "9"]
[EventCountry "ROU"]
[SourceTitle "CBM 165 Extra"]
[Source "ChessBase"]
[SourceDate "2015.04.21"]
[SourceVersion "1"]
[SourceVersionDate "2015.04.21"]
[SourceQuality "1"]

1. d4 d5 2. Nf3 e6 3. Bg5 Be7 4. h4 h6 5. Bxe7 Nxe7 6. c3 b6 7. e3 c5 8. Bd3 cxd4 9. exd4 Nbc6 10. Qe2 Qd6 11. 0-0 0-0 12. Nbd2 Qf4 13. Rfe1 Nf5 14. Bb5 Bd7 15. Bxc6 Bxc6 16. Ne5 Bb5 17. Qxb5 Qxd2 18. Re2 Nd6 19. Qa6 Qf4 20. g3 Qf5 21. Rae1 Rfe8 22. Qa3 Ne4 23. Kg2 Nf6 24. f3 Nh5 25. Qd6 g5 26. hxg5 Qxg5 27. Ng4 Nf6 28. Nf2 Rad8 29. Qe5 Qxe5 30. dxe5 Nd7 31. Rh1 Kg7 32. Ng4 Rh8 33. Kf1 h5 34. Nf2 f6 35. Nd3 Nc5 36. Nf4 h4 37. b4 fxe5 38. Rxe5 Kf6 39. bxc5 Kxe5 40. Ng6+ Kf6 41. Nxh8 Rxh8 42. cxb6 axb6 43. Rxh4 Rc8 44. Rb4 Rxc3 45. Ke2 Rc2+ 46. Ke3 Rxa2 47. Rxb6 Ra3+ 48. Kf4 Ra4+ 49. Ke3 Ra1 50. g4 Ra3+ 51. Kf4 Ra4+ 52. Ke3 Ra1 53. Rc6 Re1+ 54. Kf2 Rb1 55. Ke3 1/2-1/2

[Event "Iasi op"]
[Site "Iasi"]
[Date "2014.05.11"]
[Round "2"]
[White "Tiron, Lucian Ilie"]
[Black "Talmaci, Alexandru"]
[Result "0-1"]
[WhiteElo "1901"]
[BlackElo "1651"]
[PlyCount "72"]
[EventDate "2014.05.10"]
[EventType "swiss"]
[EventRounds "9"]
[EventCountry "ROU"]
[SourceTitle "CBM 160 Extra"]
[Source "ChessBase"]
[SourceDate "2014.07.01"]
[SourceVersion "1"]
[SourceVersionDate "2014.07.01"]
[SourceQuality "1"]

1. e4 c6 2. Nc3 d5 3. Nf3 Nf6 4. e5 Ne4 5. d4 Nxc3 6. bxc3 Bf5 7. Nh4 Bd7 8. f4 e6 9. Nf3 c5 10. Bd3 c4 11. Be2 Nc6 12. 0-0 Qa5 13. Bd2 Ba3 14. Rb1 0-0-0 15. Ng5 Rdf8 16. Bf3 h6 17. Nh3 f5 18. exf6 gxf6 19. Re1 f5 20. Kh1 Rhg8 21. g4 fxg4 22. Bxg4 Rf6 23. Rg1 Rfg6 24. Qf3 Ne7 25. Nf2 Qa4 26. Bc1 h5 27. Bxa3 hxg4 28. Rxg4 Qxa3 29. Rxg6 Rxg6 30. Ng4 Qxa2 31. Qd1 Nc6 32. Ne5 Nxe5 33. fxe5 Qa3 34. Qh5 Rg8 35. Qf7 Qf8 36. Qh5 Qf5 0-1

[Event "World Amateur-ch"]
[Site "Iasi"]
[Date "2013.04.29"]
[Round "8"]
[White "Tiron, Lucian Ilie"]
[Black "Statescu, Vlad"]
[Result "1-0"]
[WhiteElo "1925"]
[BlackElo "1826"]
[PlyCount "57"]
[EventDate "2013.04.22"]
[EventType "swiss"]
[EventRounds "9"]
[EventCountry "ROU"]
[SourceTitle "CBM 154 Extra"]
[Source "ChessBase"]
[SourceDate "2013.06.25"]
[SourceVersion "2"]
[SourceVersionDate "2013.06.25"]
[SourceQuality "1"]

1. e4 d5 2. exd5 Qxd5 3. Nc3 Qa5 4. d4 c6 5. Nf3 Nf6 6. Bc4 Bf5 7. Bd2 Qc7 8. Ne5 e6 9. g4 Be4 10. Nxe4 Nxe4 11. Bf4 Nd6 12. Bb3 Nd7 13. Qe2 Nf6 14. 0-0-0 Nd5 15. Bg3 0-0-0 16. c4 Nf6 17. f3 Qe7 18. c5 Nb5 19. Nxf7 Nxd4 20. Rxd4 Rxd4 21. Qxe6+ Qxe6 22. Bxe6+ Nd7 23. Nxh8 Kd8 24. Nf7+ Ke7 25. Re1 Kf6 26. Bh4+ Kg6 27. Nd8 Nxc5 28. Bf5+ Kh6 29. Nf7# 1-0

[Event "World Amateur-ch"]
[Site "Iasi"]
[Date "2013.04.26"]
[Round "5"]
[White "Tiron, Lucian Ilie"]
[Black "Lekh, Mithawala"]
[Result "0-1"]
[WhiteElo "1925"]
[BlackElo "1807"]
[PlyCount "62"]
[EventDate "2013.04.22"]
[EventType "swiss"]
[EventRounds "9"]
[EventCountry "ROU"]
[SourceTitle "CBM 154 Extra"]
[Source "ChessBase"]
[SourceDate "2013.06.25"]
[SourceVersion "2"]
[SourceVersionDate "2013.06.25"]
[SourceQuality "1"]

1. e4 e6 2. d4 b6 3. Nc3 Bb7 4. Bd3 Ne7 5. Nf3 d5 6. e5 c5 7. Nb5 Ng6 8. h4 c4 9. Be2 a6 10. Na3 Be7 11. h5 Nf8 12. c3 f5 13. exf6 gxf6 14. Bh6 Nc6 15. Qc2 Bxa3 16. bxa3 Qe7 17. g4 e5 18. Rb1 exd4 19. cxd4 Nd7 20. Qf5 b5 21. 0-0 0-0-0 22. Be3 Qxa3 23. Nh4 Rhe8 24. Bf3 Rxe3 25. Qxd5 Rxf3 26. Qxf3 Qxf3 27. Nxf3 Rg8 28. Kh2 Rxg4 29. Rg1 Rf4 30. Rg3 Rf5 31. Rh1 Ne7 0-1

[Event "World Amateur-ch"]
[Site "Iasi"]
[Date "2013.04.23"]
[Round "2"]
[White "Sadhu, S Adithya"]
[Black "Tiron, Lucian Ilie"]
[Result "1-0"]
[WhiteElo "1784"]
[BlackElo "1925"]
[PlyCount "83"]
[EventDate "2013.04.22"]
[EventType "swiss"]
[EventRounds "9"]
[EventCountry "ROU"]
[SourceTitle "CBM 154 Extra"]
[Source "ChessBase"]
[SourceDate "2013.06.25"]
[SourceVersion "2"]
[SourceVersionDate "2013.06.25"]
[SourceQuality "1"]

1. e4 e6 2. d4 d5 3. Nc3 Nf6 4. Bg5 Bb4 5. e5 h6 6. Bc1 Ne4 7. Qg4 Kf8 8. Nge2 c5 9. a3 Ba5 10. dxc5 Nxc3 11. bxc3 Qc7 12. Bd2 Qxe5 13. Qf4 Nd7 14. Qxe5 Nxe5 15. Nd4 Bd7 16. Rb1 b6 17. Nb3 Ke7 18. Nxa5 bxa5 19. f4 Nc4 20. Bxc4 dxc4 21. 0-0 Rab8 22. Be3 Ba4 23. c6 Bxc2 24. Bc5+ Kf6 25. Rxb8 Rxb8 26. c7 Rc8 27. Bd6 Kf5 28. Re1 f6 29. Re2 Bb1 30. Kf2 g5 31. fxg5 hxg5 32. g4+ Kxg4 33. Rxe6 Kf5 34. Re7 a6 35. Kf3 Bc2 36. Ke3 Ba4 37. Kd4 Bb5 38. Kc5 Kg6 39. h3 f5 40. Kb6 f4 41. Kb7 f3 42. Bg3 1-0

[Event "World Amateur-ch"]
[Site "Iasi"]
[Date "2013.04.22"]
[Round "1"]
[White "Tiron, Lucian Ilie"]
[Black "Muntianu, Razvan Gavril"]
[Result "1-0"]
[WhiteElo "1925"]
[BlackElo "1628"]
[PlyCount "71"]
[EventDate "2013.04.22"]
[EventType "swiss"]
[EventRounds "9"]
[EventCountry "ROU"]
[SourceTitle "CBM 154 Extra"]
[Source "ChessBase"]
[SourceDate "2013.06.25"]
[SourceVersion "2"]
[SourceVersionDate "2013.06.25"]
[SourceQuality "1"]

1. e4 c5 2. Nc3 e6 3. f4 d5 4. Nf3 Nc6 5. d3 dxe4 6. dxe4 Qxd1+ 7. Nxd1 Nf6 8. Nf2 Be7 9. c3 b6 10. g4 Bb7 11. g5 Nd7 12. Be3 0-0-0 13. 0-0-0 e5 14. Bh3 f6 15. gxf6 Bxf6 16. Rhg1 Rhe8 17. fxe5 Ncxe5 18. Ng5 Kb8 19. Ne6 Rxe6 20. Bxe6 Bc6 21. Bf4 Kb7 22. Bd5 Re8 23. Bxc6+ Kxc6 24. Rd5 Re7 25. Rgd1 Rf7 26. Nd3 Re7 27. Nf2 Rf7 28. Ng4 Re7 29. Nxf6 gxf6 30. Rd6+ Kc7 31. Kc2 Rg7 32. Rxf6 Rg2+ 33. Rd2 Rg4 34. Rf2 Rxf4 35. R2xf4 Nxf6 36. Rxf6 1-0

[Event "World School-ch U15 8th"]
[Site "Iasi"]
[Date "2012.04.28"]
[Round "1"]
[White "Taalaibekov, Tagir"]
[Black "Tiron, Lucian Ilie"]
[Result "0-1"]
[WhiteElo "1817"]
[BlackElo "1887"]
[PlyCount "59"]
[EventDate "2012.04.28"]
[EventType "swiss"]
[EventRounds "9"]
[EventCountry "ROU"]
[SourceTitle "EXT 2013"]
[Source "ChessBase"]
[SourceDate "2012.11.22"]
[SourceVersion "1"]
[SourceVersionDate "2012.11.22"]
[SourceQuality "1"]

1. d4 Nf6 2. Nf3 e6 3. c4 Bb4+ 4. Bd2 Qe7 5. Nc3 Bxc3 6. Bxc3 Ne4 7. Qc2 Nxc3 8. bxc3 d6 9. e3 a5 10. Be2 Nd7 11. Rd1 0-0 12. 0-0 e5 13. dxe5 dxe5 14. Rd5 e4 15. Ne5 a4 16. c5 Nf6 17. Rd2 Re8 18. f4 exf3 19. Bb5 Ne4 20. Qd1 Nxd2 21. Bxe8 Nxf1 22. Bxf7+ Kh8 23. Bd5 Be6 24. Bxb7 Rd8 25. Qxa4 Qxc5 26. Ng6+ Kg8 27. Nf4 Bc4 28. Bxf3 Qxe3+ 29. Kh1 Qxf4 30. Be2 0-1

[Event "ROM-ch"]
[Site "Sarata Monteoru"]
[Date "2012.02.18"]
[Round "7"]
[White "Tiron, Lucian Ilie"]
[Black "Popescu, Daniel Vasilica"]
[Result "1-0"]
[WhiteElo "1846"]
[BlackElo "2069"]
[PlyCount "81"]
[EventDate "2012.02.13"]
[EventType "swiss"]
[EventRounds "11"]
[EventCountry "ROU"]
[SourceTitle "CBM 147 Extra"]
[Source "ChessBase"]
[SourceDate "2012.04.24"]
[SourceVersion "1"]
[SourceVersionDate "2012.04.24"]
[SourceQuality "1"]

1. e4 c5 2. Nc3 Nc6 3. g4 d6 4. Bg2 e6 5. d3 Be7 6. Nge2 h5 7. gxh5 Rxh5 8. Ng3 Rh7 9. Be3 Qa5 10. Qd2 Bd7 11. a3 Nf6 12. Bg5 Nd4 13. 0-0-0 Rb8 14. Nce2 Nxe2+ 15. Qxe2 c4 16. Bd2 cxd3 17. Qxd3 Qc7 18. Bc3 Rc8 19. e5 dxe5 20. Ne4 Nd5 21. Nd6+ Bxd6 22. Bxd5 exd5 23. Qxh7 d4 24. Bb4 g6 25. Qh8+ Ke7 26. Qxe5+ Kd8 27. Qf6+ Ke8 28. Qh8+ Ke7 29. Bxd6+ Qxd6 30. Rhe1+ Be6 31. Qxc8 Kf6 32. Rxe6+ fxe6 33. Qh8+ Kf7 34. Qxd4 Qxh2 35. Qd7+ Kf6 36. Qd8+ Kf5 37. Qf8+ Kg5 38. Qc5+ Kf6 39. Qc3+ e5 40. Qf3+ Ke6 41. Qg4+ 1-0

[Event "ROM-ch"]
[Site "Sarata Monteoru"]
[Date "2012.02.15"]
[Round "3"]
[White "Ciobanu, Viorel Adrian"]
[Black "Tiron, Lucian Ilie"]
[Result "1-0"]
[WhiteElo "2219"]
[BlackElo "1846"]
[PlyCount "77"]
[EventDate "2012.02.13"]
[EventType "swiss"]
[EventRounds "11"]
[EventCountry "ROU"]
[SourceTitle "CBM 147 Extra"]
[Source "ChessBase"]
[SourceDate "2012.04.24"]
[SourceVersion "1"]
[SourceVersionDate "2012.04.24"]
[SourceQuality "1"]

1. e4 e6 2. d4 d5 3. Nc3 Nf6 4. e5 Nfd7 5. f4 c5 6. Nf3 Nc6 7. dxc5 Bxc5 8. Bd3 Nb6 9. a3 a5 10. Qe2 Bd7 11. Nb5 Rc8 12. Be3 Be7 13. Qf2 Na8 14. 0-0 a4 15. f5 exf5 16. g4 f4 17. Bxf4 0-0 18. h3 Na5 19. Nbd4 Nc4 20. c3 Qb6 21. Rab1 Nc7 22. Kh1 Ne6 23. Bh2 Nc5 24. Bc2 Ne4 25. Qe2 Ng5 26. Nf5 Bxf5 27. gxf5 Nxf3 28. Rxf3 Bg5 29. Rg1 f6 30. e6 Nd2 31. Rfg3 Qc6 32. Rxg5 fxg5 33. Qxd2 d4+ 34. Rg2 dxc3 35. Qxg5 g6 36. fxg6 Rf1+ 37. Bg1 h5 38. g7 Qf3 39. Bh7+ 1-0

[Event "ROM-ch op"]
[Site "Sarata Monteoru"]
[Date "2011.02.20"]
[Round "11"]
[White "Acsinte, Matei Ionut"]
[Black "Tiron, Lucian Ilie"]
[Result "1-0"]
[WhiteElo "1891"]
[BlackElo "1818"]
[PlyCount "101"]
[EventDate "2011.02.12"]
[EventType "swiss"]
[EventRounds "11"]
[EventCountry "ROU"]
[SourceTitle "EXT 2013"]
[Source "ChessBase"]
[SourceDate "2012.11.22"]
[SourceVersion "1"]
[SourceVersionDate "2012.11.22"]
[SourceQuality "1"]

1. Nf3 Nf6 2. d4 e6 3. c4 Bb4+ 4. Nbd2 b6 5. e3 Bb7 6. Bd3 0-0 7. 0-0 d5 8. a3 Be7 9. b3 c5 10. Bb2 Nbd7 11. Qc2 Rc8 12. Ne5 cxd4 13. exd4 b5 14. Nxd7 Qxd7 15. c5 h6 16. b4 a6 17. a4 Bc6 18. Nf3 Qb7 19. Ne5 Be8 20. Qe2 Ra8 21. axb5 Bxb5 22. Bc3 Ne4 23. Be1 Bf6 24. f3 Bxe5 25. dxe5 Ng5 26. Ra5 Bxd3 27. Qxd3 Rfc8 28. Bd2 Nh7 29. Rfa1 Rc6 30. R1a4 Nf8 31. Be3 Nd7 32. f4 g6 33. Qa3 Kg7 34. Qc3 Kh7 35. Ra3 Rb8 36. Bd2 Rbc8 37. Qe3 Rh8 38. Qd3 Ra8 39. Qd4 Qc7 40. Qe3 Kg8 41. Qe2 Qb7 42. Qe1 Kg7 43. Be3 Rb8 44. Bd2 Ra8 45. Qe3 Qc7 46. g4 Qb8 47. Qe1 f6 48. Rh3 fxe5 49. Qh4 Qf8 50. fxe5 Nxe5 51. Bxh6+ 1-0

[Event "ROM-ch op"]
[Site "Sarata Monteoru"]
[Date "2011.02.19"]
[Round "10"]
[White "Tiron, Lucian Ilie"]
[Black "Pavel, Sebastian Ionut"]
[Result "1/2-1/2"]
[WhiteElo "1818"]
[BlackElo "1897"]
[PlyCount "96"]
[EventDate "2011.02.12"]
[EventType "swiss"]
[EventRounds "11"]
[EventCountry "ROU"]
[SourceTitle "EXT 2013"]
[Source "ChessBase"]
[SourceDate "2012.11.22"]
[SourceVersion "1"]
[SourceVersionDate "2012.11.22"]
[SourceQuality "1"]

1. e4 d5 2. exd5 Qxd5 3. d4 e5 4. dxe5 Qxe5+ 5. Be2 Bd6 6. Nf3 Qe7 7. 0-0 Nf6 8. Bg5 0-0 9. Nbd2 Nbd7 10. Re1 Nc5 11. Nc4 Rd8 12. Bd3 Be6 13. Qe2 Nxd3 14. cxd3 Bb4 15. Red1 h6 16. Bh4 g5 17. Bg3 c6 18. a3 Bc5 19. b4 Bd5 20. Be5 Bb6 21. Qb2 Ng4 22. Nxb6 axb6 23. Bd4 Bxf3 24. gxf3 Qd6 25. fxg4 Qxd4 26. Qe2 b5 27. h3 Re8 28. Qc2 Re6 29. Qc5 Qf4 30. Kg2 Re2 31. Re1 Rae8 32. Rxe2 Rxe2 33. a4 Qe5 34. Qxe5 Rxe5 35. Kf3 bxa4 36. Rxa4 Rb5 37. Ke4 Kg7 38. Kd4 Rd5+ 39. Ke4 Kf6 40. Ra5 Rd6 41. Rf5+ Ke6 42. f4 f6 43. fxg5 hxg5 44. Ra5 Kd7 45. d4 Kc7 46. Rf5 Re6+ 47. Kd3 Kd6 48. Kc4 b5+ 1/2-1/2

[Event "ROM-ch op"]
[Site "Sarata Monteoru"]
[Date "2011.02.16"]
[Round "6"]
[White "Tiron, Lucian Ilie"]
[Black "Stegariu, Alexandru"]
[Result "0-1"]
[WhiteElo "1818"]
[BlackElo "2053"]
[PlyCount "111"]
[EventDate "2011.02.12"]
[EventType "swiss"]
[EventRounds "11"]
[EventCountry "ROU"]
[SourceTitle "CBM 140 Extra"]
[Source "ChessBase"]
[SourceDate "2011.03.01"]
[SourceVersion "1"]
[SourceVersionDate "2011.03.01"]
[SourceQuality "1"]

1. e4 c5 2. Nc3 e6 3. f4 d5 4. d3 dxe4 5. dxe4 Qxd1+ 6. Nxd1 Nc6 7. Nf3 Nf6 8. Nf2 Be7 9. Bd2 0-0 10. 0-0-0 b6 11. Bd3 Bb7 12. c3 Rfd8 13. Kb1 Na5 14. Rhe1 Rxd3 15. Nxd3 Bxe4 16. Rxe4 Nxe4 17. Bc1 Rd8 18. Kc2 Nf6 19. Re1 Nd5 20. b3 Nc6 21. h3 Bf6 22. Bd2 g6 23. c4 Nde7 24. g4 Nd4+ 25. Nxd4 Bxd4 26. a4 Nc6 27. Bc3 Bxc3 28. Kxc3 Nd4 29. Re3 a5 30. Ne1 Kg7 31. Nd3 Nc6 32. Nf2 Nb4 33. g5 h6 34. h4 hxg5 35. hxg5 Nc6 36. Nd3 Rh8 37. Nf2 Rh2 38. Re2 Nd4 39. Ra2 Rg2 40. Ne4 Rg1 41. Nd6 Rb1 42. Rb2 Rf1 43. Nc8 Rf3+ 44. Kd2 Kf8 45. Nxb6 Ke7 46. Nc8+ Kd8 47. Na7 Rxf4 48. Nb5 Rf2+ 49. Kc3 Ne2+ 50. Kc2 Ng3+ 51. Kc1 Rf1+ 52. Kc2 Ne4 53. Kd3 Nxg5 54. Rd2 Nf3 55. Re2 g5 56. Nc3 0-1

[Event "ROM-ch op"]
[Site "Sarata Monteoru"]
[Date "2011.02.13"]
[Round "2"]
[White "Tiron, Lucian Ilie"]
[Black "Marinescu, Stefan"]
[Result "1/2-1/2"]
[WhiteElo "1818"]
[BlackElo "1957"]
[PlyCount "34"]
[EventDate "2011.02.12"]
[EventType "swiss"]
[EventRounds "11"]
[EventCountry "ROU"]
[SourceTitle "CBM 140 Extra"]
[Source "ChessBase"]
[SourceDate "2011.03.01"]
[SourceVersion "1"]
[SourceVersionDate "2011.03.01"]
[SourceQuality "1"]

1. e4 g6 2. d4 Bg7 3. Nc3 d6 4. Be3 Nd7 5. Bd3 e5 6. dxe5 Nxe5 7. h3 Be6 8. Qe2 Ne7 9. Nf3 Nxf3+ 10. Qxf3 0-0 11. 0-0 c6 12. Ne2 f5 13. Bd4 fxe4 14. Qxe4 Bf5 15. Qe3 Nd5 16. Bc4 Re8 17. Qd2 Be6 1/2-1/2

[Event "EU-chT School U12 4th"]
[Site "Varna"]
[Date "2009.06.14"]
[Round "2.3"]
[White "Emdin, Mark"]
[Black "Tiron, Lucian Ilie"]
[Result "1-0"]
[WhiteElo "1956"]
[BlackElo "1598"]
[PlyCount "76"]
[EventDate "2009.06.13"]
[EventType "team"]
[EventRounds "5"]
[EventCountry "BUL"]
[SourceTitle "EXT 2020"]
[Source "ChessBase"]
[SourceDate "2019.10.17"]
[SourceVersion "1"]
[SourceVersionDate "2019.10.17"]
[SourceQuality "1"]

1. e4 e6 2. d4 d5 3. e5 c5 4. c3 Nc6 5. Nf3 Qb6 6. a3 Nge7 7. b4 cxd4 8. cxd4 Nf5 9. Bb2 Bd7 10. Be2 Rc8 11. Qd2 a6 12. 0-0 Be7 13. Rd1 0-0 14. Nc3 f6 15. g3 Ncxd4 16. Nxd4 fxe5 17. Na4 Qa7 18. Nf3 e4 19. Nd4 b5 20. Nc5 Bxc5 21. bxc5 Qxc5 22. Qc3 Qxc3 23. Bxc3 Nxd4 24. Bxd4 Rc2 25. Kf1 Re8 26. Rdc1 Rec8 27. Rxc2 Rxc2 28. Ke1 Kf7 29. Kd1 Rc8 30. Rc1 Rxc1+ 31. Kxc1 g6 32. Kc2 Ke7 33. Be5 Bc8 34. Kc3 Kd7 35. Kd4 Kc6 36. Bg7 a5 37. Bf8 a4 38. Ke5 Bd7 1-0

[Event "ROM-ch U10 Boys"]
[Site "Voineasa"]
[Date "2008.04.13"]
[Round "3"]
[White "Tiron, Lucian Ilie"]
[Black "Doros, Doru Lucian"]
[Result "1-0"]
[WhiteElo "551"]
[BlackElo "461"]
[PlyCount "137"]
[EventDate "2008.04.08"]
[EventType "swiss"]
[EventRounds "9"]
[EventCountry "ROU"]
[SourceTitle "EXT 2013"]
[Source "ChessBase"]
[SourceDate "2012.11.22"]
[SourceVersion "1"]
[SourceVersionDate "2012.11.22"]
[SourceQuality "1"]

1. e4 c5 2. Nc3 d6 3. Nf3 Nf6 4. d4 cxd4 5. Nxd4 g6 6. Bb5+ Bd7 7. Be3 Bxb5 8. Ndxb5 a6 9. Nd4 Bg7 10. 0-0 0-0 11. Nb3 Qc7 12. f3 Nbd7 13. Rb1 Ne5 14. Qe2 Nfd7 15. Nd5 Qd8 16. c3 e6 17. Nb4 Re8 18. Rfd1 Bf8 19. Nd3 Nc4 20. Qf2 Qc8 21. Nd2 Nxe3 22. Qxe3 Be7 23. Qd4 d5 24. Qe3 Ne5 25. Qe2 Nxd3 26. Qxd3 dxe4 27. Nxe4 Rd8 28. Qe2 Bc5+ 29. Kh1 Rxd1+ 30. Rxd1 Be7 31. Qd3 Qc7 32. Qe2 Qa5 33. a3 Qe5 34. Ng3 Qc7 35. Ne4 Qf4 36. g3 Qe5 37. Rd2 Qc7 38. Kg2 Kf8 39. Qe3 Kg7 40. Qd4+ Kg8 41. Qd7 Qd8 42. Qxb7 Qe8 43. Qd7 Qxd7 44. Rxd7 Bf8 45. Rc7 Rb8 46. b4 a5 47. Ra7 axb4 48. cxb4 Rc8 49. b5 Rb8 50. a4 Ba3 51. g4 Bc1 52. Ra6 Be3 53. Nd6 Bc5 54. Nc4 h5 55. gxh5 gxh5 56. b6 Kh7 57. a5 Rg8+ 58. Kh3 Rb8 59. Ra7 Kg8 60. Rc7 Bd4 61. b7 Ba7 62. a6 Kg7 63. Rc8 f5 64. Rxb8 Bxb8 65. Na5 e5 66. Kg2 e4 67. fxe4 fxe4 68. Nc6 e3 69. Nxb8 1-0